| 000 | 00675nam a22001697a 4500 | ||
|---|---|---|---|
| 999 |
_c9981 _d9981 |
||
| 008 | 180724b ||||| |||| 00| 0 eng d | ||
| 082 |
_22017 _aUT 0935 _bP39 |
||
| 100 |
_929467 _aPelonio, Roxanne D. |
||
| 245 |
_aSalik na nakakaapekto sa pagtuto at ang akademikong pagganap ng mga mag-aaral na nasa distance learning program/ _cRoxanne D. Pelonio, Mande C. Gallardo and Nelia P. Aleser. |
||
| 260 |
_aDigos City: _bUMDC _cNovember 2017. |
||
| 300 |
_a74 pages; _b29.5 cm. |
||
| 650 | 0 |
_929468 _aEducation. _vFilipino _xUndergraduate thesis. |
|
| 700 |
_929469 _aPelonio, Roxanne D. |
||
| 700 |
_929470 _aGallardo, Mande C. |
||
| 700 |
_929471 _aAleser, Nelia P. |
||
| 942 |
_2ddc _cUT |
||